[Event "GER-chT U18 Girls"]
[Site "Karlsruhe"]
[Date "2015.05.08"]
[Round "2.4"]
[White "Mewis, Rebekka"]
[Black "Mertes, Kathrin"]
[Result "0-1"]
[WhiteElo "800"]
[BlackElo "1225"]
[PlyCount "30"]
[EventDate "2015.05.07"]
[EventType "team-swiss"]
[EventRounds "7"]
[EventCountry "GER"]
[SourceTitle "EXT 2017"]
[Source "ChessBase"]
[SourceDate "2016.10.25"]
[SourceVersion "1"]
[SourceVersionDate "2016.10.25"]
[SourceQuality "1"]
[WhiteTeam "Altenholz Gymn (W)"]
[BlackTeam "Trier (W)"]
[WhiteTeamCountry "GER"]
[BlackTeamCountry "GER"]

1. d4 d5 2. Nf3 Bf5 3. Nc3 Nf6 4. Bg5 Nbd7 5. e3 e6 6. Bb5 c6 7. Ba4 Bb4 8. 0-0 0-0 9. e4 Bxc3 10. bxc3 Bxe4 11. Rb1 Qc7 12. Bb3 Ng4 13. Be7 Bxf3 14. Re1 Qxh2+ 15. Kf1 Qxg2# 0-1